[Event "Niedersachsen-ch U12"]
[Site "Rotenburg/Wuemme"]
[Date "2006.04.09"]
[Round "3"]
[White "Warmer, Marina"]
[Black "Kallusky, Nicolas"]
[Result "0-1"]
[WhiteElo "959"]
[BlackElo "1333"]
[PlyCount "32"]
[EventDate "2006.04.08"]
[EventType "swiss"]
[EventRounds "11"]
[EventCountry "GER"]
[SourceTitle "EXT 2007"]
[Source "ChessBase"]
[SourceDate "2006.11.23"]
[SourceVersion "1"]
[SourceVersionDate "2006.11.23"]
[SourceQuality "1"]

1. e4 d5 2. exd5 Qxd5 3. Nc3 Qa5 4. d4 Nf6 5. Nf3 Bg4 6. h3 Bh5 7. g4 Bg6 8. Ne5 Qb6 9. b3 Nbd7 10. Nxd7 Nxd7 11. Bg2 e6 12. Bf4 Bb4 13. Qd2 Qa5 14. 0-0-0 Bxc3 15. Qe3 Qa3+ 16. Kb1 Qb2# 0-1

[Event "GER-chT U12"]
[Site "Verden"]
[Date "2005.12.28"]
[Round "4.1"]
[White "Gage, Daniel"]
[Black "Kallusky, Nicolas"]
[Result "1-0"]
[WhiteElo "1379"]
[BlackElo "1350"]
[PlyCount "91"]
[EventDate "2005.12.27"]
[EventType "team-swiss"]
[EventRounds "7"]
[EventCountry "GER"]
[SourceTitle "CBM 110 Extra"]
[Source "ChessBase"]
[SourceDate "2006.03.10"]
[SourceVersion "2"]
[SourceVersionDate "2006.03.10"]
[SourceQuality "1"]

1. e4 d5 2. exd5 Qxd5 3. Nc3 Qa5 4. Bc4 Nf6 5. d3 c6 6. Bd2 Qc7 7. Qe2 Bf5 8. h3 Nbd7 9. g4 Bg6 10. f4 h6 11. f5 Bh7 12. 0-0-0 0-0-0 13. Bxf7 Bg8 14. Be6 Kb8 15. Rf1 Nc5 16. Bf4 Rd6 17. Bxd6 Qxd6 18. Bxg8 Rxg8 19. Qh2 g6 20. Qxd6+ exd6 21. fxg6 Rxg6 22. h4 Bg7 23. g5 hxg5 24. hxg5 Rxg5 25. Nf3 Rg6 26. Nd4 Ng4 27. Nce2 Bh8 28. Kb1 Ne6 29. Nxe6 Rxe6 30. Nd4 Rg6 31. a3 Ne3 32. Rf7 a6 33. Rh4 Bg7 34. Re4 Bxd4 35. Rxd4 d5 36. Rb4 b5 37. Rh4 Rg8 38. Rh6 Rc8 39. Kc1 Ng4 40. Rhh7 Re8 41. Rb7+ Kc8 42. Rbc7+ Kb8 43. Rxc6 Ne5 44. Rxa6 Nf3 45. Kb1 Nd2+ 46. Ka2 1-0

[Event "GER-chT U12"]
[Site "Verden"]
[Date "2005.12.28"]
[Round "3.1"]
[White "Kallusky, Nicolas"]
[Black "Zelbel, Patrick"]
[Result "0-1"]
[WhiteElo "1350"]
[BlackElo "1929"]
[PlyCount "42"]
[EventDate "2005.12.27"]
[EventType "team-swiss"]
[EventRounds "7"]
[EventCountry "GER"]
[SourceTitle "CBM 110 Extra"]
[Source "ChessBase"]
[SourceDate "2006.03.10"]
[SourceVersion "2"]
[SourceVersionDate "2006.03.10"]
[SourceQuality "1"]

1. e4 c5 2. Nf3 d6 3. d4 cxd4 4. Nxd4 Nf6 5. Nc3 Bd7 6. f3 e5 7. Nf5 Bxf5 8. exf5 d5 9. Bg5 Bb4 10. Bd2 d4 11. Ne4 Nxe4 12. fxe4 Qh4+ 13. Ke2 Qxe4+ 14. Kf2 Qxf5+ 15. Kg1 Bxd2 16. Qxd2 0-0 17. Qe1 Nc6 18. Rc1 e4 19. Qh4 Qc5 20. Qf2 e3 21. Qf3 Ne5 0-1

[Event "GER-chT U12"]
[Site "Verden"]
[Date "2005.12.27"]
[Round "2.1"]
[White "Hoeger, Philipp"]
[Black "Kallusky, Nicolas"]
[Result "0-1"]
[WhiteElo "1135"]
[BlackElo "1350"]
[PlyCount "56"]
[EventDate "2005.12.27"]
[EventType "team-swiss"]
[EventRounds "7"]
[EventCountry "GER"]
[SourceTitle "CBM 110 Extra"]
[Source "ChessBase"]
[SourceDate "2006.03.10"]
[SourceVersion "2"]
[SourceVersionDate "2006.03.10"]
[SourceQuality "1"]

1. c4 e5 2. d3 Nf6 3. Nf3 Nc6 4. g3 Bb4+ 5. Nbd2 0-0 6. a3 Bxd2+ 7. Bxd2 e4 8. dxe4 Nxe4 9. Bg2 d5 10. cxd5 Qxd5 11. 0-0 Qh5 12. Bf4 Rd8 13. Qc2 Bf5 14. Qc4 Rac8 15. Rfd1 Re8 16. Rd5 Be6 17. Rxh5 Bxc4 18. e3 Nf6 19. Rc5 Bd5 20. Rd1 Be6 21. Ne5 Nxe5 22. Rxe5 c6 23. Ra5 a6 24. Ra4 Red8 25. Rxd8+ Rxd8 26. Rb4 Rd1+ 27. Bf1 Bh3 28. f3 Rxf1# 0-1

[Event "GER-chT U12"]
[Site "Verden"]
[Date "2005.12.27"]
[Round "1.1"]
[White "Kallusky, Nicolas"]
[Black "Guenthner, Arthur"]
[Result "0-1"]
[WhiteElo "1350"]
[BlackElo "1378"]
[PlyCount "80"]
[EventDate "2005.12.27"]
[EventType "team-swiss"]
[EventRounds "7"]
[EventCountry "GER"]
[SourceTitle "CBM 110 Extra"]
[Source "ChessBase"]
[SourceDate "2006.03.10"]
[SourceVersion "2"]
[SourceVersionDate "2006.03.10"]
[SourceQuality "1"]

1. e4 e5 2. Nf3 Nc6 3. Bc4 Bc5 4. c3 Nf6 5. d4 exd4 6. cxd4 Bb4+ 7. Nc3 Nxe4 8. 0-0 Bxc3 9. bxc3 0-0 10. Qd3 d5 11. Re1 Bf5 12. Bb3 Bg6 13. Qe3 Na5 14. Ng5 Nxg5 15. Qxg5 Qxg5 16. Bxg5 Nxb3 17. axb3 Rfe8 18. Kf1 a6 19. Rad1 Bc2 20. Rc1 Bxb3 21. Rb1 Bc4+ 22. Kg1 a5 23. Bd2 b6 24. Rxe8+ Rxe8 25. Bf4 Re7 26. f3 b5 27. Kf2 a4 28. Re1 Rxe1 29. Kxe1 a3 30. Bc1 a2 31. Bb2 Kf8 32. Ba1 Ke7 33. Kd2 Kd6 34. Kc2 c5 35. dxc5+ Kxc5 36. g3 g6 37. h3 h6 38. Bb2 g5 39. Ba1 h5 40. Bb2 h4 0-1

[Event "Niedersachsen-chT U12"]
[Site "Lingen"]
[Date "2005.05.07"]
[Round "5.1"]
[White "Rieping, Heiner"]
[Black "Kallusky, Nicolas"]
[Result "0-1"]
[WhiteElo "1242"]
[BlackElo "1347"]
[PlyCount "104"]
[EventDate "2005.05.05"]
[EventType "team"]
[EventRounds "5"]
[EventCountry "GER"]
[SourceTitle "EXT 2007"]
[Source "ChessBase"]
[SourceDate "2006.11.23"]
[SourceVersion "1"]
[SourceVersionDate "2006.11.23"]
[SourceQuality "1"]

1. e4 d5 2. exd5 Qxd5 3. Nc3 Qa5 4. d4 Nf6 5. Nf3 Bg4 6. h3 Bh5 7. g4 Bg6 8. Ne5 Ne4 9. Bd2 Nxd2 10. Qxd2 Qb6 11. Nc4 Qc6 12. d5 Qd7 13. f4 e6 14. Qe3 Be7 15. 0-0-0 h6 16. Nb5 exd5 17. Rxd5 Qc6 18. Qf3 0-0 19. f5 Bg5+ 20. Nd2 Bh7 21. Nc3 Na6 22. Rd3 Nb4 23. Qxc6 Nxd3+ 24. Bxd3 bxc6 25. h4 Bf4 26. Rh3 Rad8 27. Rf3 Bxd2+ 28. Kxd2 g6 29. Ke2 Rfe8+ 30. Kf2 gxf5 31. gxf5 Rb8 32. b3 Rb4 33. Kg3 h5 34. Rf4 Re3+ 35. Rf3 Rxf3+ 36. Kxf3 Rxh4 37. Kg3 Rg4+ 38. Kh3 Kg7 39. f6+ Kh6 40. Ba6 Bxc2 41. Bb7 Bf5 42. Kh2 Be4 43. Nxe4 Rxe4 44. Bxc6 Re2+ 45. Kg3 Rxa2 46. Bd5 Kg6 47. Bf3 Ra3 48. Kh4 Rxb3 49. Bxh5+ Kxf6 50. Bd1 Rb1 51. Bc2 Rb2 52. Bd3 a5 0-1

[Event "Niedersachsen-chT U12"]
[Site "Lingen"]
[Date "2005.05.05"]
[Round "2.1"]
[White "Kallusky, Nicolas"]
[Black "Petkidis, Anthony"]
[Result "0-1"]
[WhiteElo "1347"]
[BlackElo "1347"]
[PlyCount "108"]
[EventDate "2005.05.05"]
[EventType "team"]
[EventRounds "5"]
[EventCountry "GER"]
[SourceTitle "EXT 2007"]
[Source "ChessBase"]
[SourceDate "2006.11.23"]
[SourceVersion "1"]
[SourceVersionDate "2006.11.23"]
[SourceQuality "1"]

1. d4 Nf6 2. Nf3 g6 3. Bf4 Bg7 4. e3 d6 5. c4 Nbd7 6. Nc3 0-0 7. Bd3 Re8 8. Bc2 c5 9. 0-0 b6 10. d5 Bb7 11. b3 Nh5 12. Qd2 Nxf4 13. exf4 e6 14. Rae1 Nf6 15. Rd1 exd5 16. cxd5 Nd7 17. Nb5 Qb8 18. Rfe1 Rd8 19. Re7 Bf8 20. Re2 a6 21. Nc3 Re8 22. Rxe8 Qxe8 23. Re1 Qd8 24. Ng5 h6 25. Nge4 Nf6 26. Nxf6+ Qxf6 27. Ne4 Qd8 28. Qc3 Bg7 29. Qd2 Rc8 30. Bd3 Rc7 31. Nc3 Re7 32. Rd1 b5 33. Re1 Qe8 34. Rxe7 Qxe7 35. Bc2 Qc7 36. Ne4 f5 37. Ng3 Qf7 38. a4 Qxd5 39. Qxd5+ Bxd5 40. axb5 axb5 41. Kf1 Kf7 42. Ke2 c4 43. bxc4 bxc4 44. Kd2 Bxg2 45. Ke2 Bc6 46. Ke3 d5 47. Ne2 Bf6 48. f3 Bd8 49. Kd4 Bb6+ 50. Kc3 Ke7 51. h3 Kd6 52. Nd4 Bd7 53. h4 Kc5 54. Bd1 Ba5+ 0-1

[Event "Niedersachsen-ch U12"]
[Site "Rotenburg/Wuemme"]
[Date "2005.03.20"]
[Round "3"]
[White "Kallusky, Nicolas"]
[Black "Raum, Sebastian"]
[Result "1-0"]
[WhiteElo "1170"]
[BlackElo "1068"]
[PlyCount "129"]
[EventDate "2005.03.19"]
[EventType "swiss"]
[EventRounds "9"]
[EventCountry "GER"]
[SourceTitle "EXT 2007"]
[Source "ChessBase"]
[SourceDate "2006.11.23"]
[SourceVersion "1"]
[SourceVersionDate "2006.11.23"]
[SourceQuality "1"]

1. d4 d5 2. Bf4 Bf5 3. Qd2 Qd7 4. Nc3 a6 5. f3 Nc6 6. g4 Bg6 7. e3 e6 8. Nge2 Bd6 9. 0-0-0 0-0-0 10. e4 dxe4 11. fxe4 Bxf4 12. Qxf4 Nge7 13. Bh3 Rhf8 14. g5 Qd6 15. Qe3 Kb8 16. a3 Na7 17. Bg4 c6 18. h4 f6 19. gxf6 gxf6 20. h5 Be8 21. Qh6 Rf7 22. Rhf1 Ng8 23. Qe3 Ne7 24. Nf4 Bd7 25. d5 exd5 26. Bxd7 Rxd7 27. exd5 c5 28. Na4 b6 29. Qd3 b5 30. Nc3 c4 31. Qf3 f5 32. Nfe2 Qh6+ 33. Qf4+ Rd6 34. Qxh6 Rxh6 35. Ng3 Nac8 36. Rd4 Nd6 37. Na2 a5 38. Nc3 Kc7 39. a4 b4 40. Nb5+ Kd7 41. Rdf4 Rhf6 42. Nxd6 Kxd6 43. Ne4+ Kxd5 44. Nxf6+ Rxf6 45. Kd2 Re6 46. R1f3 Rh6 47. Rh3 Rf6 48. Rhh4 Rc6 49. Rd4+ Ke5 50. Rxc4 Kd5 51. Rxc6 Nxc6 52. Ke3 Ne7 53. Rd4+ Ke5 54. Rc4 Kd5 55. Rc7 Kd6 56. Ra7 Nd5+ 57. Kd4 Ne7 58. Ra6+ Nc6+ 59. Kc4 h6 60. Kb5 f4 61. Rxc6+ Kd5 62. Rg6 Ke4 63. Rg8 f3 64. Kxa5 Ke3 65. Kxb4 1-0

[Event "GER-chT U12"]
[Site "Verden an der Aller"]
[Date "2003.12.27"]
[Round "1.2"]
[White "Gossmann, Philipp"]
[Black "Kallusky, Nicolas"]
[Result "1-0"]
[WhiteElo "1323"]
[BlackElo "837"]
[PlyCount "65"]
[EventDate "2003.12.27"]
[EventType "team-swiss"]
[EventRounds "7"]
[EventCountry "GER"]
[SourceTitle "EXT 2022"]
[Source "ChessBase"]
[SourceDate "2021.10.06"]
[SourceVersion "1"]
[SourceVersionDate "2021.10.06"]
[SourceQuality "1"]
[WhiteTeam "Porz SG"]
[BlackTeam "Wilhelmshaven"]
[WhiteTeamCountry "GER"]
[BlackTeamCountry "GER"]

1. e4 d5 2. exd5 Qxd5 3. Nc3 Qa5 4. Nf3 Nf6 5. d4 Bg4 6. h3 Bh5 7. g4 Bg6 8. Bg2 Nc6 9. Bd2 e6 10. Ne4 Qd5 11. Nxf6+ gxf6 12. c3 e5 13. Qe2 Qe6 14. 0-0 exd4 15. Qxe6+ fxe6 16. Nxd4 Nxd4 17. cxd4 0-0-0 18. Bc3 Bg7 19. Rfe1 Rhe8 20. a4 e5 21. dxe5 fxe5 22. f4 Re7 23. fxe5 Rde8 24. a5 a6 25. Rac1 Bxe5 26. Bxe5 Rxe5 27. Rxe5 Rxe5 28. b4 Be4 29. Rc4 Bxg2 30. Kxg2 Kd7 31. Kf3 Kd6 32. Kf4 Kd5 33. Rc5+ 1-0